00562nam a2200169Ia 4500008004000000020001800040082001800058100002200076245006100098260003400159300001000193650002400203690001400227906001100241999001700252952012300269210210b1994 xxu||||| |||| 00| 0 eng d a81 237 1067 4 a530.092k KESR aKESVANI (Ji Ech). aRaman mattu avara parinama. Tr by Adyanadka Krashnabhat. aNDbNyashanal Buk Trastc1994 ax,185 aPhysicist Raman C V aBiography a050855 c99248d99248 001040708PhysicsaALbALcPhysicsd2021-02-17g35.00l0o530.092k KESRp050855r2021-02-17 00:00:00w2021-02-17yBK